| 000 -LEADER |
| fixed length control field |
00526nam a22001817a 4500 |
| 008 - FIXED-LENGTH DATA ELEMENTS--GENERAL INFORMATION |
| fixed length control field |
221214b 2014 ||||| |||| 00| 0 eng d |
| 020 ## - INTERNATIONAL STANDARD BOOK NUMBER |
| International Standard Book Number |
9789350998328 |
| 082 ## - DEWEY DECIMAL CLASSIFICATION NUMBER |
| Item number |
SAP |
| 100 ## - MAIN ENTRY--PERSONAL NAME |
| Personal name |
Sapali, S. N. |
| 110 ## - MAIN ENTRY--CORPORATE NAME |
| Corporate name or jurisdiction name as entry element |
Joshi, P. B., S.S. Ghorpade |
| 245 ## - TITLE STATEMENT |
| Title |
Thermodynamics |
| 260 ## - PUBLICATION, DISTRIBUTION, ETC. (IMPRINT) |
| Place of publication, distribution, etc |
Pune |
| Name of publisher, distributor, etc |
Technical Publications |
| Date of publication, distribution, etc |
2014 |
| 300 ## - PHYSICAL DESCRIPTION |
| Extent |
vi,1.1- 6.4p. |
| 650 ## - SUBJECT ADDED ENTRY--TOPICAL TERM |
| Topical term or geographic name as entry element |
Introduction And Basic Concepts |
| 650 ## - SUBJECT ADDED ENTRY--TOPICAL TERM |
| Topical term or geographic name as entry element |
Second Law of thermodynamics and Entropy |
| 650 ## - SUBJECT ADDED ENTRY--TOPICAL TERM |
| Topical term or geographic name as entry element |
Availability and property Relations |
| 942 ## - ADDED ENTRY ELEMENTS (KOHA) |
| Item type |
Gratis Books |